000 00471nam a22001697a 4500
003 LK-CoMWRAF
005 20230928225038.0
008 230928b |||||||| |||| 00| 0 eng d
040 _aLK-CoMWRAF
_dLK-CoMWRAF
_eLK-CoMWRAF
041 _aeng
082 _a297
_bHAQ
100 _aHaqqani, Maulana Sheikh Nazim al
245 _aIslam :
_bA Shelter for mankind forever
260 _aSri Lanka
_bThe council of tariqatum naqshbandhia,
_c1988
650 _aIslam
942 _cBK
999 _c3736
_d3736